000 00586nam a22002297a 4500
003 UA-OsUOA
001 49195
007 ta
008 20070925b un ||||| |||| 00| 0 ukr d
100 _aФилипьев Ю.
090 _a08
_bФ51
942 _cBK
040 _aUA-OsUOA
_brus
_cUA-OsUOA
_dUA-OsUOA
245 _aСигналы естетической информации
300 _a104 с.
955 _a1
041 _arus
080 _a08
260 _aМ.
_bНаука
_c1971
650 7 _a08 Видання. Колективні праці
_2UDC
999 _c335304
_d335304